| 000 | 00461nam a22001817a 4500 | ||
|---|---|---|---|
| 003 | CEME | ||
| 005 | 20210628202943.0 | ||
| 008 | 210212b xxu||||| |||| 00| 0 eng d | ||
| 020 | _a0-07-031136-6 | ||
| 040 | _c. | ||
| 082 | _a670 SCH | ||
| 100 |
_aSchey, John A _935778 |
||
| 245 | _aIntroduction to manufacturing processes | ||
| 260 |
_aNEW YORK _bMCGRAW HILL _c2000 |
||
| 300 | _aXIX,962P | ||
| 650 |
_aMANUFACTURING PROCESSES _914649 |
||
| 942 |
_cBK _2ddc |
||
| 999 |
_c571607 _d571607 |
||